Cincinnati Hills Christian

Clete Reinberger, Noah McRedmond


Current Events - World210.0050%50%0%
Fine Arts - Architecture120.00100%100%0%
Fine Arts - Ballet/Dance110.00100%0%0%
Fine Arts - Film120.00100%100%0%
Fine Arts - Miscellaneous215.00100%50%0%
Fine Arts - Music615.00100%33%17%
Fine Arts - Opera10.000%0%0%
Fine Arts - Painting710.0086%14%0%
Fine Arts - Photography110.00100%0%0%
Fine Arts - Sculpture47.5050%25%0%
History - American415.00100%25%25%
History - Cross, Historiography, and Miscellaneous36.6767%0%0%
History - European310.0067%33%0%
History - World88.7575%13%0%
Literature - American410.0075%25%0%
Literature - British811.25100%13%0%
Literature - European310.00100%0%0%
Literature - World and Miscellaneous613.33100%33%0%
Other - Other Academic and General Knowledge210.0050%50%0%
RMP - Greco-Roman Mythology110.00100%0%0%
RMP - Islam110.00100%0%0%
RMP - New Testament215.00100%50%0%
RMP - Philosophy220.00100%100%0%
RMP - World Mythology410.00100%0%0%
Science - Astronomy210.00100%0%0%
Science - Biology66.6767%0%0%
Science - Chemistry512.00100%20%0%
Science - Earth210.00100%0%0%
Science - Math110.00100%0%0%
Science - Physics510.00100%0%0%
Social Science - Economics210.00100%0%0%
Social Science - Other110.00100%0%0%
Social Science - Psychology110.00100%0%0%
Social Science - Sociology110.00100%0%0%